| 000 -CABECERA |
| fixed length control field |
00897nam a22002177a 4500 |
| 003 - IDENTIFICADOR DEL NÚMERO DE CONTROL |
| control field |
AR-CdUCM |
| 008 - DATOS DE LONGITUD FIJA--INFORMACIÓN GENERAL |
| fixed length control field |
190321b ||||| |||| 00| 0 spa d |
| 040 ## - FUENTE DE LA CATALOGACIÓN |
| Agencia/entidad que catalogó originalmente la obra |
MUNICIPALIDAD PROVINCIAL DEL CUSCO |
| Entidad que transcribió la catalogación |
BIBLIOTECA MUNICIPAL DEL CUSCO |
| 082 ## - NÚMERO DE LA CLASIFICACIÓN DECIMAL DEWEY |
| No. de Clasificación |
622.4 / |
| Notacion interna |
T19 |
| 100 ## - ENTRADA PRINCIPAL--NOMBRE DE PERSONA |
| Nombre Personal |
Tandeter, Enrique |
| 245 ## - MENCIÓN DE TÍTULO |
| Título |
Coacción y Mercado : |
| Resto del título |
La minería de la plata en el Potosí colonial 1692-1826 / |
| 260 ## - PUBLICACIÓN, DISTRIBUCIÓN, ETC. |
| Lugar de publicación, distribución, etc. |
Cusco : |
| Nombre de la editorial, distribuidor, etc. |
Centro Bartolome de las Casas , |
| Fecha de publicación, distribución, etc. |
1922. |
| 300 ## - DESCRIPCIÓN FÍSICA |
| Nº de Páginas Extensión |
316 páginas ; |
| Dimensiones |
23.5 cm. |
| 440 ## - MENCIÓN DE SERIE/PUNTO DE ACCESO ADICIONAL--TÍTULO |
| Título |
Archivos de historia andina |
| Número de la parte/sección de una obra |
15 |
| 9 (RLIN) |
21883 |
| 505 ## - NOTA DE CONTENIDO CON FORMATO |
| Nota de contenido formateada |
Contenido : El relanzamiento de la produccion de plata -- La mina potosina -- Minga y Kajcha -- Credito, renta y ganancia -- Reformismo y crisis -- Epilogo y conclusiones.... |
| 650 ## - PUNTO DE ACCESO ADICIONAL DE MATERIA--TÉRMINO DE MATERIA |
| Descriptor |
Historia Economica |
| 9 (RLIN) |
13 |
| 650 ## - PUNTO DE ACCESO ADICIONAL DE MATERIA--TÉRMINO DE MATERIA |
| Descriptor |
Coacción y mercado |
| 9 (RLIN) |
21884 |
| 650 ## - PUNTO DE ACCESO ADICIONAL DE MATERIA--TÉRMINO DE MATERIA |
| Descriptor |
Minera Potosí |
| 9 (RLIN) |
21885 |
| 942 ## - ELEMENTOS DE PUNTO DE ACCESO ADICIONAL (KOHA) |
| Fuente de clasificación |
|
| Tipo de item |
Libros-BMC |
| 945 ## - PROCESAMIENTO DE INFORMACIÓN LOCAL (OCLC) |
| Catalogador |
rcc |